LEADER 03029nam 2200733 a 450 001 9910455931703321 005 20200520144314.0 010 $a1-299-05217-7 010 $a9781585448931 010 $a1-60344-701-6 010 $a1-58544-893-1 035 $a(CKB)111087028236550 035 $a(OCoLC)53978605 035 $a(CaPaEBR)ebrary10046123 035 $a(SSID)ssj0000110715 035 $a(PQKBManifestationID)11137846 035 $a(PQKBTitleCode)TC0000110715 035 $a(PQKBWorkID)10064931 035 $a(PQKB)11273111 035 $a(MiAaPQ)EBC3037733 035 $a(OCoLC)1132223562 035 $a(MdBmJHUP)muse77134 035 $a(Au-PeEL)EBL3037733 035 $a(CaPaEBR)ebr10046123 035 $a(CaONFJC)MIL436467 035 $a(EXLCZ)99111087028236550 100 $a20020822d2003 uy 0 101 0 $aeng 135 $aurcn||||||||| 181 $ctxt 182 $cc 183 $acr 200 10$aBetween law & politics$b[electronic resource] $ethe Solicitor General and the structuring of race, gender, and reproductive rights litigation /$fRichard L. Pacelle, Jr 205 $a1st ed. 210 $aCollege Station $cTexas A&M University Press$dc2003 215 $a1 online resource (359 p.) 225 1 $aPresidency and leadership ;$vno. 14 300 $aBibliographic Level Mode of Issuance: Monograph 311 $a1-58544-234-8 320 $aIncludes bibliographical references (p. [307]-325) and indexes. 327 $aBetween law and politics : the role of the Solicitor General -- The Solicitor General as a strategic actor -- The Solicitor General in the litigation phase, 1945-63 -- The Solicitor General in the administrative phase, 1964-80 -- The Solicitor General in the redefinition phase, 1981-2000 -- The Solicitor General and the emergence and definition of gender and reproductive rights policy -- The Solicitor General and gender and reproductive rights policy : retrenchment and recovery -- The Solicitor General : law in a sea of politics. 410 0$aPresidency and leadership ;$vno. 14. 606 $aPolitical questions and judicial power$zUnited States 606 $aCivil rights$zUnited States 606 $aRace discrimination$xLaw and legislation$zUnited States 606 $aSex discrimination$xLaw and legislation$zUnited States 606 $aBirth control$xLaw and legislation$zUnited States 606 $aLaw$xPolitical aspects 608 $aElectronic books. 615 0$aPolitical questions and judicial power 615 0$aCivil rights 615 0$aRace discrimination$xLaw and legislation 615 0$aSex discrimination$xLaw and legislation 615 0$aBirth control$xLaw and legislation 615 0$aLaw$xPolitical aspects. 676 $a342.73/0873 700 $aPacelle$b Richard L.$f1954-$0905908 801 0$bMiAaPQ 801 1$bMiAaPQ 801 2$bMiAaPQ 906 $aBOOK 912 $a9910455931703321 996 $aBetween law & politics$92026219 997 $aUNINA LEADER 02204nas 2200649- 450 001 996202268803316 005 20230909213018.0 011 $a2405-4518 035 $a(DE-599)ZDB2831391-4 035 $a(OCoLC)911198141 035 $a(CKB)3710000000374798 035 $a(CONSER)--2017243146 035 $a(EXLCZ)993710000000374798 100 $a20150619a20159999 o-- - 101 0 $aeng 135 $aur||||||||||| 181 $ctxt$2rdacontent 182 $cc$2rdamedia 183 $acr$2rdacarrier 200 00$aBiosurface and biotribology 210 1$a[Chengdu] :$cSouthwest Jiaotong University ; production and hosting by Elsevier,$d[2015]- 210 3$aNew York, N.Y. :$cIEEE 210 3$aHertfordshire, UK :$cInstitution of Engineering and Technology (IET) and,$cSouthwest Jiaotong University 215 $a1 online resource 300 $aRefereed/Peer-reviewed 531 10$aBiosurf Biotribol 606 $aTribology$vPeriodicals 606 $aBiomedical materials$vPeriodicals 606 $aBiological interfaces$vPeriodicals 606 $aTribology$xCongresses$vPeriodicals 606 $aBiomedical materials$xCongresses$vPeriodicals 606 $aBiological interfaces$xCongresses$vPeriodicals 606 $aBiological interfaces$2fast$3(OCoLC)fst00832255 606 $aBiomedical materials$2fast$3(OCoLC)fst00832586 606 $aTribology$2fast$3(OCoLC)fst01156503 606 $aBiocompatible Materials 606 $aSurface Properties 606 $aMaterials Testing 608 $aPeriodicals.$2fast 608 $aPeriodical. 615 0$aTribology 615 0$aBiomedical materials 615 0$aBiological interfaces 615 0$aTribology$xCongresses 615 0$aBiomedical materials$xCongresses 615 0$aBiological interfaces$xCongresses 615 7$aBiological interfaces. 615 7$aBiomedical materials. 615 7$aTribology. 615 12$aBiocompatible Materials. 615 22$aSurface Properties. 615 22$aMaterials Testing. 712 02$aXi nan jiao tong da xue (China), 906 $aJOURNAL 912 $a996202268803316 996 $aBiosurface and biotribology$91900499 997 $aUNISA